L'opera completa del Perugino

Αποθηκεύτηκε σε:
Λεπτομέρειες βιβλιογραφικής εγγραφής
Κύριος συγγραφέας: Perugino, approximately 1450-1523
Άλλοι συγγραφείς: Castellaneta, Carlo, 1930-2013 (Συγγραφέας εισαγωγής κ.λπ.), Camesasca, Ettore, 1922-1995 (Επιμελητής έκδοσης)
Μορφή: Βιβλίο
Γλώσσα:Italian
Δημοσίευση: Milano : Rizzoli Editore, c1969
Σειρά:Classici dell' arte ; ; 30
Θέματα:
Ετικέτες: Προσθήκη ετικέτας
Δεν υπάρχουν, Καταχωρήστε ετικέτα πρώτοι!

MARC

LEADER 00000cam a2200000 i 4500
001 1/43661
008 031027s1969 ita d
035 |l 10071403 
040 |a GR-MY-UA  |b gre  |e aacr 
041 0 |a ita 
082 0 |a 759.5 
100 0 |a Perugino,   |d approximately 1450-1523. 
245 1 0 |a L'opera completa del Perugino /  |c presentazione di Carlo Castallaneta ; apparati critici e filologici di Ettore Camesasca 
260 |a Milano :   |b Rizzoli Editore,   |c c1969 
300 |a 127 σ.  |b εγχρ. εικ. 
490 1 |a Classici dell' Arte  |v ; 30 
504 |a Περιλαμβάνει ευρετήριο 
600 0 0 |a Perugino,   |d approximately 1450-1523. 
650 0 0 |a Painting, Italian. 
700 1 |a Castellaneta, Carlo,   |d 1930-2013.  |4 aui 
700 1 |a Camesasca, Ettore,   |d 1922-1995.  |4 edt 
830 0 |a Classici dell' arte ;  |v ; 30 
852 |a INST  |b CHIOS  |e 20031027  |h 759.5 PER  |p 005200012939  |q 005200012939  |t BK  |y 0 
901 |a BIBL2-2003-3 
909 |a Χ  |b 047751 
970 |a ΒΑΣΙΛΑΚΗ  |b ΝΙΚΗ  |z 2003/10/27